Statistics for Former flags

Click here to take the quiz!

General Stats

  • This quiz has been taken 14 times
  • The average score is 13 of 16

Answer Stats

Answer% Correct
Bangladesh
100%
Soviet Union
100%
United States
100%
East Germany
93%
Canada
86%
China
86%
France
86%
South Africa
86%
Texas
86%
Thailand
86%
Ethiopia
79%
Libya
79%
Spain
79%
Tibet
64%
Holy Roman Empire
50%
Korean Empire
21%

Score Distribution

Percentile by Number Answered

Percent of People with Each Score

Your Score History

You have not taken this quiz